| 000 | 01766nam a22001817a 4500 | ||
|---|---|---|---|
| 008 | 190802b xxu||||| |||| 00| 0 eng d | ||
| 020 | _a9780073511405 | ||
| 050 | _aHB171.5.F734(5e) | ||
| 100 | _aFrank, Robert H. | ||
| 245 |
_aPrinciples of economics. / _cRobert H. Frank and Ben S. Bernanke. |
||
| 250 | _a5th edition. | ||
| 260 |
_aNew York : _bMcGraw-Hill, _c2013. |
||
| 300 |
_axxxii, 763 + various pagings : _bill. col. ; _c28 cm. |
||
| 500 | _aIncludes glossary and index. | ||
| 505 | _aContents : Part I : Introduction: Thinking like an economist -- Comparative advantage -- Supply and demand -- Part II : Competition and the invisible hand: Elasticity -- Demand -- Perfectly competitive supply -- Efficiency, exchange, and the invisible hand in action -- Market imperfections: Monopoly,Oligopoly, and monopolistic competition -- Games and strategic behavior -- Eternalities and property rights -- The economics of information -- Part IV: Economics of public policy: Labor markets, poverty , and income distribution -- The environment, health, and safety -- Public goods and tax policy -- Macroeconomics:data and issues: Spending, income, and GDP -- Inflation and the price level -- Wages and unemployment -- Part VI : The economy in the long run: Economic growth -- Saving, Capital formation, and financial markets -- Money, prices, and the financial system -- Part VII : The economy in the short run: Short-term economic fluctuations -- Spending, output, and fiscal policy -- Monetary policy and the federal reserve -- aggregate demand, aggregate supply, and business cycles -- Macroeconomic policy -- Part VIII: The international economy: Exchange rates, international trade, and capital flows | ||
| 700 | _aBernanke, Ben S. | ||
| 942 |
_2lcc _cBK |
||
| 999 |
_c6846 _d14346 |
||